RTL2 Anime Serien ab 1999 - Statistiken

Allgemein
  • Dieses Quiz wurde 2.404 mal gespielt
  • Das Durchschnittsergebnis liegt bei 13 aus 25
Antwortstatistiken
Hint Antwort % Korrekt
1999 Die Suche nach 7 magischen Kugeln Dragon Ball
98%
2003 Ein junger Held will König der Piraten werden One Piece
88%
1999 Einst gab es 150 davon... Pokemon
88%
2001 Son Goku ist erwachsen... Dragon Ball Z
87%
2003 Zeit für ein Duell ;) Yu-Gi-Oh
85%
2000 Tai und seine Freunde werden in eine digitale Welt gezogen Digimon
83%
2006 Ein Ninja wird geboren Naruto
79%
2002 Ein Teenager wird wieder zum Grundschüler und löst Fälle Detektiv Conan
78%
2003 Es dreht sich alles um Kreisel Beyblade
75%
2009 Der Ninja wird erwachsen Naruto Shippuden
66%
2002 Wenn man ihn mit kalten Wasser überschüttet, wird er eine Frau Ranma
52%
2003 Ein Hundedämon wird wieder erweckt Inu Yasha
46%
2002 Ein kleiner Satansbraten mit vulgären Mundwerk Shin Chan
43%
2006 Es dreht sich alles um Schamanen Shaman King
42%
2002 Ein kleiner Hamster geht auf Abenteuerjagd Hamtaro
40%
2001 Die Kamikazediebin Jeanne
40%
2001 Kleine Hexen Doremi
31%
2002 Die 3. Staffel in der digitalen Welt Digimon Tamers
29%
2001 Ein Videospiel entführt Genki in eine andere Welt Monster Rancher
22%
2001 Die Engel der Liebe im Hochzeitskleid Wedding Peach
22%
2001 Ein Steinzeitjunge findet sich im Zeitlabor wieder Flint Hammerhead
20%
2002 Ein verrückter Doktor erschafft ein Robotermädchen Dr. Slump
13%
2005 2 Mädchen werden zu Magical Girls Pretty Cure
13%
2001 Edward Falcon und 6 mächtige Steine Power Stone
10%
2002 Ein Außerirdischer macht die Schule unsicher Taro Alien
3%
Keine übereinstimmenden Quizze gefunden
Verteilung der Resultate
Anzahl Personen mit jedem Resultat
Perzentil nach korrekt beantworteten Fragen
Ihre Resultats-Entwicklung
Sie haben dieses Quiz noch nicht gespielt